[Event "London Classic - FIDE Open"]
[Site "Olympia"]
[Date "2009.12.08"]
[Round "1"]
[White "Hammer, Jon Ludvig"]
[Black "Casiot, David J"]
[Result "1-0"]
[WhiteElo "2588"]
[BlackElo "2143"]
[PlyCount "73"]
[EventDate "2009.??.??"]

1. e4 e6 2. d4 d5 3. Nc3 Bb4 4. Nge2 Ne7 5. a3 Ba5 6. g3 O-O 7. Bg2 c6 8. O-O
f5 9. exd5 exd5 10. Nf4 Bc7 11. h4 Kh8 12. Re1 Ng8 13. Na4 Na6 14. Nh5 Bd6 15.
Bg5 Qc7 16. b4 Bd7 17. Nc5 Rae8 18. Rxe8 Rxe8 19. Nf4 Nxc5 20. bxc5 Bxf4 21.
Bxf4 Qa5 22. Be5 Qc3 23. Rb1 Bc8 24. Rb3 Qa5 25. Re3 Qd8 26. Qh5 Rf8 27. Bd6
Nf6 28. Qe2 Rf7 29. f3 h6 30. Re5 Bd7 31. Qe1 b5 32. Bf1 g5 33. Re7 Kg7 34.
hxg5 hxg5 35. Qe3 f4 36. Qe5 Kg6 37. Bd3+ 1-0

[Event "London Classic - FIDE Open"]
[Site "Olympia"]
[Date "2009.12.08"]
[Round "1"]
[White "Barton, R Alan"]
[Black "Conquest, Stuart C"]
[Result "1-0"]
[WhiteElo "2119"]
[BlackElo "2563"]
[PlyCount "101"]
[EventDate "2009.??.??"]

1. d4 c5 2. c3 Nf6 3. Nf3 Qc7 4. Bg5 d5 5. e3 Nbd7 6. Bf4 Qa5 7. Nbd2 e6 8. h3
Be7 9. Bd3 b5 10. a3 c4 11. Bc2 Bb7 12. O-O Qb6 13. Qe2 Rc8 14. Ne5 Nxe5 15.
Bxe5 O-O 16. f4 g6 17. Bxf6 Bxf6 18. Nf3 Bg7 19. g4 a5 20. Ne5 Rc7 21. g5 b4
22. Ba4 Qd6 23. h4 Ba6 24. Kg2 bxc3 25. bxc3 Rb8 26. Rf2 Rcb7 27. h5 Bb5 28.
Bc2 Be8 29. hxg6 hxg6 30. Ng4 Rb2 31. Qf3 Kf8 32. Qh3 Qe7 33. Qh4 Bc6 34. Kg3
Ke8 35. Qh7 Qf8 36. Ne5 Bxe5 37. fxe5 R8b7 38. Raf1 Rxc2 39. Rxc2 Qxa3 40. Ra2
Qe7 41. Qg8+ Qf8 42. Qxf8+ Kxf8 43. Rxa5 Rb3 44. Ra7 Be8 45. Rc1 Bc6 46. Rc7
Be8 47. Kf3 Ra3 48. e4 dxe4+ 49. Kxe4 Ra6 50. Ke3 Ra2 51. Rb1 1-0

[Event "London Classic - FIDE Open"]
[Site "Olympia"]
[Date "2009.12.08"]
[Round "1"]
[White "Williams, Simon K"]
[Black "Roberts, David L"]
[Result "1-0"]
[WhiteElo "2550"]
[BlackElo "2119"]
[PlyCount "71"]
[EventDate "2009.??.??"]

1. c4 g6 2. d4 Bg7 3. Nc3 Nf6 4. e4 d6 5. f4 O-O 6. Nf3 c5 7. d5 e6 8. dxe6
Bxe6 9. Bd3 Nc6 10. O-O Bg4 11. h3 Bxf3 12. Qxf3 Nd4 13. Qf2 Nd7 14. Bd2 a6 15.
Nd5 f5 16. exf5 Nxf5 17. Bxf5 Rxf5 18. Rae1 Rf7 19. Bc3 Ne5 20. Qe2 Nc6 21. Qe6
Bd4+ 22. Kh1 Kg7 23. f5 Qf8 24. g4 Be5 25. Nf4 Re8 26. Qd5 Rf6 27. Kg2 Kh8 28.
Ne6 Qe7 29. Bxe5 Nxe5 30. Re3 gxf5 31. gxf5 Rg8+ 32. Rg3 Rxg3+ 33. Kxg3 Rh6 34.
Qe4 Qf6 35. Rf4 Nf7 36. Qxb7 1-0

[Event "London Classic - FIDE Open"]
[Site "Olympia"]
[Date "2009.12.08"]
[Round "1"]
[White "Gregory, Philip J"]
[Black "Hebden, Mark L"]
[Result "0-1"]
[WhiteElo "2110"]
[BlackElo "2522"]
[PlyCount "50"]
[EventDate "2009.??.??"]

1. e4 e5 2. Nf3 Nc6 3. d4 exd4 4. Nxd4 Nf6 5. Nc3 Bb4 6. Nxc6 bxc6 7. Bd3 O-O
8. O-O d5 9. exd5 cxd5 10. Bg5 c6 11. Na4 h6 12. Bh4 Re8 13. c3 Bd6 14. c4 dxc4
15. Bxc4 Re4 16. Bxf6 Qxf6 17. Bb3 Bh3 18. Qd3 Bf5 19. Qf3 Rae8 20. Rac1 Be5
21. Rc5 Rf4 22. Qxc6 Qxc6 23. Rxc6 Bd7 24. Ra6 Bb5 25. Rxa7 Bxf1 0-1

[Event "London Classic - FIDE Open"]
[Site "Olympia"]
[Date "2009.12.08"]
[Round "1"]
[White "Wells, Peter K"]
[Black "Yeo, Michael J"]
[Result "1-0"]
[WhiteElo "2489"]
[BlackElo "2153"]
[PlyCount "59"]
[EventDate "2009.??.??"]

1. d4 d5 2. Nf3 Nf6 3. c4 dxc4 4. e3 Bg4 5. Bxc4 e6 6. h3 Bh5 7. Nc3 a6 8. g4
Bg6 9. Ne5 c5 10. Bf1 cxd4 11. exd4 Bd6 12. Bg2 Bxe5 13. dxe5 Qxd1+ 14. Kxd1
Nfd7 15. Be3 Nc6 16. f4 O-O-O 17. Ke2 f6 18. exf6 Nxf6 19. Rac1 Nd5 20. Nxd5
exd5 21. Rhd1 Be4 22. Bxe4 dxe4 23. Rxd8+ Rxd8 24. Rc4 Re8 25. Bd2 Rd8 26. Rxe4
Nd4+ 27. Kf2 Nb3 28. Bc3 Nc1 29. Bxg7 Rd2+ 30. Ke1 1-0

[Event "London Classic - FIDE Open"]
[Site "Olympia"]
[Date "2009.12.08"]
[Round "1"]
[White "Fegan, Chris"]
[Black "Cherniaev, Alexander"]
[Result "1/2-1/2"]
[WhiteElo "2078"]
[BlackElo "2465"]
[PlyCount "36"]
[EventDate "2009.??.??"]

1. d4 Nf6 2. Nf3 d6 3. Nc3 Bf5 4. Bg5 Nbd7 5. Nh4 Bg6 6. Nxg6 hxg6 7. d5 c6 8.
e4 Qa5 9. Qd2 Rc8 10. dxc6 Rxc6 11. Bb5 Rxc3 12. Bxd7+ Kxd7 13. Bxf6 Rc5 14. b4
() {=} 14... Qa4 15. bxc5 Qxe4+ 16. Qe2 Qxe2+ 17. Kxe2 gxf6 18. Rab1 Kc6
1/2-1/2

[Event "London Classic - FIDE Open"]
[Site "Olympia"]
[Date "2009.12.08"]
[Round "1"]
[White "Arkell, Keith C"]
[Black "Sara, Valerio"]
[Result "1-0"]
[WhiteElo "2464"]
[BlackElo "2072"]
[PlyCount "124"]
[EventDate "2009.??.??"]

1. d4 d5 2. c4 c6 3. Nf3 Nf6 4. Nc3 a6 5. c5 Nbd7 6. Bf4 Nh5 7. Bd2 Nhf6 8. b4
Qc7 9. Bg5 g6 10. Qc1 Bg7 11. Bf4 Qd8 12. h3 O-O 13. e3 Re8 14. Be2 Ne4 15.
Nxe4 dxe4 16. Ne5 Nxe5 17. Bxe5 Bxe5 18. dxe5 Be6 19. O-O Qc7 20. Qb2 Rad8 21.
Rfd1 Rxd1+ 22. Rxd1 Rd8 23. Rd4 Bd5 24. Rd2 Be6 25. Rxd8+ Qxd8 26. a4 Qd5 27.
h4 Qa2 28. Qxa2 Bxa2 29. Bg4 e6 30. Be2 Bb3 31. a5 f6 32. exf6 Kf7 33. Kh2 Kxf6
34. Kg3 Ke5 35. h5 g5 36. h6 Kf5 37. Bh5 Kf6 38. Be8 e5 39. Bd7 Be6 40. Bxe6
Kxe6 41. Kg4 Kf6 42. Kh5 Kf5 43. g3 g4 44. Kh4 Kf6 45. Kxg4 Kg6 46. f4 exf3 47.
Kxf3 Kxh6 48. Ke4 Kg5 49. Kxe5 h5 50. e4 Kg4 51. Kd6 Kxg3 52. e5 h4 53. e6 h3
54. e7 h2 55. e8=Q h1=Q 56. Qg6+ Kf4 57. Qf7+ Ke3 58. Qxb7 Qd5+ 59. Kc7 Qe4 60.
Qxa6 Qxb4 61. Qb6 Qa4 62. a6 Qf4+ {no further moves recorded - eventually ...}
1-0

[Event "London Classic - FIDE Open"]
[Site "Olympia"]
[Date "2009.12.08"]
[Round "1"]
[White "Calvert, D Ian"]
[Black "Summerscale, Aaron P"]
[Result "0-1"]
[WhiteElo "2070"]
[BlackElo "2449"]
[PlyCount "54"]
[EventDate "2009.??.??"]

1. b3 e5 2. Bb2 Nc6 3. e3 Nf6 4. Nf3 e4 5. Nd4 Nxd4 6. Bxd4 d5 7. c4 c5 8. Bxf6
Qxf6 9. Nc3 d4 10. Nxe4 Qe5 11. Bd3 dxe3 12. dxe3 Bf5 13. f4 Qe6 14. Qf3 Rd8
15. Bc2 Qg6 16. h3 h5 17. O-O Be7 18. Rad1 O-O 19. Bb1 Rfe8 20. Rd5 Rxd5 21.
cxd5 Bf8 22. Nc3 Bxb1 23. Nxb1 Qc2 24. Re1 c4 25. bxc4 Qxc4 26. e4 Bb4 27. Re2
Qc1+ 0-1

[Event "London Classic - FIDE Open"]
[Site "Olympia"]
[Date "2009.12.08"]
[Round "1"]
[White "Berzinsh, Roland"]
[Black "Bass, John W"]
[Result "1/2-1/2"]
[WhiteElo "2424"]
[BlackElo "2068"]
[PlyCount "90"]
[EventDate "2009.??.??"]

1. e4 c5 2. Nf3 e6 3. d4 cxd4 4. Nxd4 a6 5. Nc3 Qc7 6. Bd3 Nc6 7. Be3 Nf6 8.
O-O Bb4 9. Nxc6 dxc6 10. Na4 b5 11. Nb6 Rb8 12. Nxc8 Rxc8 13. c4 Bd6 14. f4 e5
15. c5 Be7 16. f5 Rd8 17. Qe2 h5 18. Kh1 Ng4 19. Bg1 Rd7 20. b4 Bg5 21. a4 O-O
22. axb5 axb5 23. Ra3 Qd8 24. h3 Nf6 25. g3 Re8 26. Rfa1 Kh8 27. Bf2 Kg8 28.
Kg2 Kh8 29. Kf1 Kg8 30. Rb3 g6 31. g4 hxg4 32. hxg4 Kg7 33. Ra6 Nxg4 34. Qxg4
Rxd3 35. Rxd3 Qxd3+ 36. Kg2 Bf4 37. f6+ Kg8 38. Rxc6 Qxe4+ 39. Qf3 Qxb4 40. Rb6
Rd8 41. Ra6 Qc4 42. Rd6 Rb8 43. Rb6 Rd8 44. Rd6 Rb8 45. Rb6 Rd8 1/2-1/2

[Event "London Classic - FIDE Open"]
[Site "Olympia"]
[Date "2009.12.08"]
[Round "1"]
[White "Cannon, Raymond C"]
[Black "Barle, Janez"]
[Result "0-1"]
[WhiteElo "2067"]
[BlackElo "2420"]
[PlyCount "54"]
[EventDate "2009.??.??"]

1. e4 c5 2. Nf3 a6 3. c4 Nc6 4. d4 cxd4 5. Nxd4 Nf6 6. Nc3 e5 7. Nc2 Bc5 8. Be2
d6 9. O-O Be6 10. Be3 O-O 11. Bxc5 dxc5 12. Ne3 Nd4 13. Ned5 Bxd5 14. exd5 Nd7
15. f4 f5 16. fxe5 Nxe5 17. Qd2 Re8 18. Rae1 Qd6 19. b3 Rab8 20. Bd3 Ng4 21. g3
Rxe1 22. Qxe1 Qh6 23. h4 Qg6 24. Qe7 Re8 25. Qc7 Ne5 26. Kg2 Nxd3 27. d6 f4 0-1

[Event "London Classic - FIDE Open"]
[Site "Olympia"]
[Date "2009.12.08"]
[Round "1"]
[White "Healey, Michael W"]
[Black "Ferguson, Mark"]
[Result "0-1"]
[WhiteElo "2058"]
[BlackElo "2410"]
[PlyCount "84"]
[EventDate "2009.??.??"]

1. e4 e5 2. Nf3 Nc6 3. Bb5 f5 4. d3 fxe4 5. dxe4 Nf6 6. Qe2 d6 7. Nc3 a6 8. Ba4
Bd7 9. h3 Be7 10. Be3 b5 11. Bb3 Na5 12. O-O Nxb3 13. axb3 b4 14. Nd5 Nxd5 15.
exd5 Bb5 16. Qd2 Bxf1 17. Rxf1 a5 18. Bg5 O-O 19. Bxe7 Qxe7 20. Ng5 h6 21. Ne6
Rf6 22. c4 c6 23. Ra1 Qf7 24. f3 cxd5 25. cxd5 Qb7 26. Qd3 Qb6+ 27. Kf1 Rc8 28.
Ke2 Rf7 29. g4 Rb7 30. g5 Qb5 31. gxh6 gxh6 32. Rxa5 Rc2+ 33. Ke3 Qxd3+ 34.
Kxd3 Rxb2 35. Ra8+ Kh7 36. Nf8+ Kg7 37. Ne6+ Kg6 38. Ra6 Kf5 39. Rxd6 Rxb3+ 40.
Ke2 Ra7 41. Kf2 Raa3 42. Ng7+ Kg5 0-1

[Event "London Classic - FIDE Open"]
[Site "Olympia"]
[Date "2009.12.08"]
[Round "1"]
[White "Crawley, Gavin"]
[Black "Clarke, Brandon G I"]
[Result "1-0"]
[WhiteElo "2407"]
[BlackElo "2056"]
[PlyCount "35"]
[EventDate "2009.??.??"]

1. e4 e6 2. d4 d5 3. Nc3 Nf6 4. Bd3 dxe4 5. Nxe4 Qd5 6. Nxf6+ gxf6 7. Nf3 Rg8
8. O-O Bd6 9. c4 Qh5 10. c5 Qg4 11. g3 Be7 12. Re1 f5 13. Be2 Nd7 14. Ng5 Qxg5
15. Bxg5 Rxg5 16. b4 Nf6 17. Bf3 c6 18. b5 1-0

[Event "London Classic - FIDE Open"]
[Site "Olympia"]
[Date "2009.12.08"]
[Round "1"]
[White "Owen, Dennis"]
[Black "Gullaksen, Eirik"]
[Result "0-1"]
[WhiteElo "2055"]
[BlackElo "2400"]
[PlyCount "66"]
[EventDate "2009.??.??"]

1. e4 e5 2. Nf3 Nc6 3. Bb5 a6 4. Ba4 Nf6 5. O-O b5 6. Bb3 Bc5 7. Nxe5 Nxe5 8.
d4 Bxd4 9. Qxd4 d6 10. c3 O-O 11. Bg5 h6 12. Bxf6 Qxf6 13. f4 Ng4 14. h3 Qxd4+
15. cxd4 Nf6 16. Nd2 Bb7 17. e5 Nd5 18. Rac1 Rac8 19. g3 Ne3 20. Rfe1 Nf5 21.
e6 d5 22. exf7+ Rxf7 23. g4 Nxd4 24. f5 c5 25. Re5 c4 26. Bd1 Rd8 27. b3 Kf8
28. Nf3 Nc6 29. Re6 Rf6 30. Rxf6+ gxf6 31. Rc2 Nb4 32. Rd2 c3 33. Rf2 d4 0-1

[Event "London Classic - FIDE Open"]
[Site "Olympia"]
[Date "2009.12.08"]
[Round "1"]
[White "Quillan, Gary"]
[Black "Cutmore, David A"]
[Result "1-0"]
[WhiteElo "2394"]
[BlackElo "2054"]
[PlyCount "103"]
[EventDate "2009.??.??"]

1. e4 Nf6 2. e5 Nd5 3. d4 d6 4. Nf3 dxe5 5. Nxe5 c6 6. Be2 Bf5 7. O-O Nd7 8.
Ng4 e6 9. c4 N5f6 10. Ne3 Bg6 11. d5 Qc7 12. Nc3 Bd6 13. h3 O-O 14. dxe6 fxe6
15. Bd3 Ne5 16. Bxg6 Nxg6 17. Ng4 Be7 18. Qe2 e5 19. Nxf6+ Bxf6 20. Be3 Rad8
21. Ne4 Nf4 22. Qc2 Qf7 23. Ng3 b5 24. cxb5 cxb5 25. Qe4 a6 26. a4 Qd5 27.
Qxd5+ Rxd5 28. Ne4 Ne2+ 29. Kh1 Be7 30. axb5 Rxb5 31. Rxa6 Rxb2 32. Rd1 Rb4 33.
Nc5 Nd4 34. Nd7 Re8 35. Nxe5 Nf5 36. Re6 Nxe3 37. fxe3 Kf8 38. Rf1+ Kg8 39. Nc6
Rb7 40. Rf5 Rf8 41. Nxe7+ Rxe7 42. Rxf8+ Kxf8 43. Rxe7 Kxe7 44. Kg1 Kf6 45. Kf2
Kf5 46. Kf3 Ke5 47. e4 g5 48. Ke3 h5 49. g3 Ke6 50. Kd4 Kd6 51. e5+ Ke6 52. Ke4
1-0

[Event "London Classic - FIDE Open"]
[Site "Olympia"]
[Date "2009.12.08"]
[Round "1"]
[White "Ivens, Birger"]
[Black "Slavin, Alexei"]
[Result "1-0"]
[WhiteElo "2052"]
[BlackElo "2392"]
[PlyCount "83"]
[EventDate "2009.??.??"]

1. e4 c5 2. Ne2 Nc6 3. d3 Nf6 4. g3 d5 5. Nd2 e5 6. Bg2 Be7 7. h3 h5 8. exd5
Nxd5 9. Nc4 Be6 10. Ne3 Qd7 11. Bd2 f5 12. Nc3 Nc7 13. a4 Nd4 14. Nc4 Bf6 15.
Nb5 Ncxb5 16. axb5 Bxc4 17. dxc4 e4 18. c3 Ne6 19. Qe2 g6 20. f3 Be5 21. f4 Bf6
22. h4 Kf7 23. Be3 a6 24. Kf2 axb5 25. Rhd1 Qe7 26. cxb5 c4 27. Bf1 Rxa1 28.
Rxa1 Rc8 29. Ra4 Qd7 30. Rxc4 Ra8 31. Qd2 Qe7 32. Qc2 Bxh4 33. Qb3 Ra1 34. b6
Kg7 35. Bd4+ Nxd4 36. cxd4 Bxg3+ 37. Kxg3 Kh6 38. Rc7 h4+ 39. Kh3 Qd6 40. Qg8
Ra3+ 41. bxa3 Qxa3+ 42. Kxh4 1-0

[Event "London Classic - FIDE Open"]
[Site "Olympia"]
[Date "2009.12.08"]
[Round "1"]
[White "Houska, Jovanka"]
[Black "Har-Even, Abir"]
[Result "1-0"]
[WhiteElo "2391"]
[BlackElo "2045"]
[PlyCount "67"]
[EventDate "2009.??.??"]

1. d4 f5 2. g3 Nf6 3. Bg2 g6 4. Nf3 Bg7 5. O-O O-O 6. c4 d6 7. Nc3 Nc6 8. d5
Na5 9. Qd3 c5 10. b3 a6 11. Bb2 Rb8 12. Nd2 Bd7 13. a4 e5 14. dxe6 Bxe6 15.
Rad1 Qc7 16. Ba1 Nc6 17. Nf3 Rbd8 18. Ng5 Bc8 19. e3 Nb4 20. Qb1 h6 21. Nf3 g5
22. h4 Ne4 23. Ne2 d5 24. cxd5 Nxd5 25. hxg5 hxg5 26. Nxg5 Bxa1 27. Nxe4 fxe4
28. Qxa1 Qh7 29. Qe5 Ne7 30. Rxd8 Rxd8 31. Bxe4 Qf7 32. Nf4 Nf5 33. Bd5 Rxd5
34. Qxd5 1-0

[Event "London Classic - FIDE Open"]
[Site "Olympia"]
[Date "2009.12.08"]
[Round "1"]
[White "Seymour, Timothy P"]
[Black "Bellin, Robert"]
[Result "1/2-1/2"]
[WhiteElo "2041"]
[BlackElo "2388"]
[PlyCount "128"]
[EventDate "2009.??.??"]

1. e4 c5 2. c3 b6 3. d4 Bb7 4. Bd3 e6 5. Nf3 d6 6. O-O Nd7 7. Re1 Be7 8. e5 a6
9. a4 cxd4 10. cxd4 dxe5 11. dxe5 Nc5 12. Bc2 Qxd1 13. Rxd1 Rd8 14. Nc3 Rxd1+
15. Bxd1 Bd8 16. Be3 Nd7 17. Nd2 Nxe5 18. Bd4 f6 19. Bxe5 fxe5 20. Nc4 Bc7 21.
Bg4 Ke7 22. Re1 Nf6 23. Bh3 e4 24. g3 Rd8 25. Bg2 Rd4 26. b3 Bd5 27. Bf1 Bb7
28. Bg2 Bc6 29. Re2 b5 30. axb5 axb5 31. Nd2 b4 32. Ncxe4 Nxe4 33. Bxe4 Rxd2
34. Rxd2 Bxe4 35. Rd4 Bd5 36. Rxb4 Bd6 37. Rb6 Bc7 38. Rb4 h6 39. h4 Bd6 40.
Rb6 Kd7 41. Kf1 Kc7 42. Ra6 Bc5 43. Ra5 Bd4 44. Ra4 Bf6 45. b4 Kb6 46. Ke2 Kb5
47. Ra7 Kxb4 48. Rc7 Kb5 49. Ke3 Kb6 50. Rc1 Be7 51. f3 Bc5+ 52. Kf4 Bd6+ 53.
Kg4 h5+ 54. Kxh5 Bxf3+ 55. Kg6 Bxg3 56. Rc3 Be4+ 57. Kf7 Bf2 58. Kxe6 Bg6 59.
Rc4 Bh5 60. Kf5 g6+ 61. Kg5 Bc5 62. Re4 Kc6 63. Re6+ Kd5 64. Rxg6 Bxg6 1/2-1/2

[Event "London Classic - FIDE Open"]
[Site "Olympia"]
[Date "2009.12.08"]
[Round "1"]
[White "Buckley, Graeme N"]
[Black "Rodriguez Fonseca, Jorge"]
[Result "1-0"]
[WhiteElo "2388"]
[BlackElo "2032"]
[PlyCount "65"]
[EventDate "2009.??.??"]

1. d4 f5 2. g4 fxg4 3. e4 d5 4. e5 Bf5 5. Ne2 e6 6. Ng3 g6 7. Be3 h5 8. h3 Bh6
9. hxg4 Bxg4 10. Qd3 Bf5 11. Nxf5 exf5 12. Nd2 Nc6 13. O-O-O Qd7 14. Bxh6 Nxh6
15. Qg3 Qe6 16. Nb3 b6 17. Kb1 Ne7 18. Nc1 Nf7 19. Be2 g5 20. Bxh5 Rg8 21.
Bxf7+ Kxf7 22. Rh7+ Ke8 23. Rdh1 f4 24. Qa3 a5 25. R1h6 Ng6 26. Rxc7 Rc8 27.
Rxc8+ Qxc8 28. Qd6 Ne7 29. Rh7 Qd7 30. Qxb6 g4 31. e6 Qc8 32. Qd6 Ng6 33. Rc7
1-0

[Event "London Classic - FIDE Open"]
[Site "Olympia"]
[Date "2009.12.08"]
[Round "1"]
[White "Bennion, David"]
[Black "Ansell, Simon T"]
[Result "0-1"]
[WhiteElo "2025"]
[BlackElo "2387"]
[PlyCount "100"]
[EventDate "2009.??.??"]

1. e4 c5 2. Nf3 Nc6 3. d4 cxd4 4. Nxd4 e5 5. Nb5 d6 6. N1c3 a6 7. Na3 b5 8. Nd5
Nf6 9. Be3 Rb8 10. f3 Nxd5 11. exd5 Ne7 12. c4 Nf5 13. Bf2 b4 14. Nc2 Be7 15.
Bd3 O-O 16. O-O Nh4 17. f4 exf4 18. Nd4 Bd7 19. Nc6 Bxc6 20. dxc6 Ng6 21. Qh5
Bf6 22. Rad1 Qc7 23. Be4 Bxb2 24. c5 dxc5 25. Rd7 Qe5 26. Bxg6 hxg6 27. Qxe5
Bxe5 28. c7 Rbc8 29. Bxc5 Bxc7 30. Bxf8 Kxf8 31. Re1 Bb6+ 32. Kh1 Be3 33. Rd6
a5 34. Ra6 Rc5 35. Ra7 Rd5 36. Rb7 g5 37. Rb1 Rd2 38. Rb8+ Ke7 39. Rb5 Rxa2 40.
Rxg5 b3 41. Rb5 a4 42. g3 g6 43. Rb7+ Kf6 44. gxf4 Bxf4 45. Rf1 g5 46. h4 Rh2+
47. Kg1 Rxh4 48. Rb1 Kg6 49. Rb6+ f6 50. Ra6 Be5 0-1

[Event "London Classic - FIDE Open"]
[Site "Olympia"]
[Date "2009.12.08"]
[Round "1"]
[White "Pcola, Pavol"]
[Black "Vachtfeidl, Petr"]
[Result "1-0"]
[WhiteElo "2386"]
[BlackElo "2019"]
[PlyCount "81"]
[EventDate "2009.??.??"]

1. c4 g6 2. g3 Bg7 3. Bg2 c5 4. Nc3 Nc6 5. Nf3 e5 6. O-O Nge7 7. a3 d6 8. Ne1
Be6 9. d3 O-O 10. Nc2 d5 11. cxd5 Nxd5 12. Ne4 b6 13. b4 cxb4 14. Nxb4 Ndxb4
15. axb4 Bd5 16. b5 Nd4 17. Ba3 Re8 18. Rb1 Qd7 19. Nd6 Bxg2 20. Kxg2 Red8 21.
Qd2 Bf8 22. Ne4 Kg7 23. Bxf8+ Rxf8 24. f4 f5 25. Nc3 exf4 26. Rxf4 Rac8 27. Rb4
Ne6 28. Rfc4 Rxc4 29. Rxc4 Rd8 30. Qe3 Kf7 31. Kg1 Rc8 32. Nd5 Rc5 33. Rxc5
Nxc5 34. Qd4 Qe6 35. Nf4 Qe8 36. Qc4+ Kg7 37. Qd4+ Kf7 38. Qa1 Qd7 39. Qh8 Qxb5
40. Qxh7+ Ke8 41. Nd5 1-0

[Event "London Classic - FIDE Open"]
[Site "Olympia"]
[Date "2009.12.08"]
[Round "1"]
[White "Phillips, Owen S"]
[Black "Hennigan, Michael T"]
[Result "0-1"]
[WhiteElo "2003"]
[BlackElo "2385"]
[PlyCount "66"]
[EventDate "2009.??.??"]

1. e4 c5 2. Nc3 a6 3. g3 b5 4. Bg2 Bb7 5. d3 e6 6. Qe2 Nc6 7. f4 Nd4 8. Qf2 Nf6
9. h3 d5 10. e5 Nd7 11. Nf3 Rc8 12. O-O Be7 13. Nd1 Qb6 14. Nxd4 cxd4 15. Re1
O-O 16. c3 dxc3 17. bxc3 Qxf2+ 18. Kxf2 Nc5 19. Nb2 f6 20. d4 Ne4+ 21. Bxe4
dxe4 22. exf6 Bxf6 23. Nd1 e5 24. dxe5 Bxe5 25. Ba3 Rf7 26. Rc1 g5 27. Rxe4
Bxe4 28. Ke3 gxf4+ 29. Kxe4 fxg3 30. Kxe5 g2 31. Ne3 Re8+ 32. Kd4 Rxe3 33. Rg1
Re2 0-1

[Event "London Classic - FIDE Open"]
[Site "Olympia"]
[Date "2009.12.08"]
[Round "1"]
[White "Madan, Augustin"]
[Black "Odeh, Kenneth"]
[Result "1-0"]
[WhiteElo "2384"]
[BlackElo "2001"]
[PlyCount "47"]
[EventDate "2009.??.??"]

1. d4 Nf6 2. Nf3 g6 3. g3 Bg7 4. Bg2 d5 5. O-O O-O 6. c4 c6 7. Nc3 Ne4 8. Qb3
dxc4 9. Qxc4 Be6 10. Qd3 Nd6 11. b3 Na6 12. Bb2 Nb4 13. Qd2 Nd5 14. Ng5 Nxc3
15. Nxe6 fxe6 16. Qxc3 Nb5 17. Qc4 Nxd4 18. Rad1 b5 19. Qc5 Nxe2+ 20. Kh1 Qb6
21. Qxe7 Bxb2 22. Rd7 Rxf2 23. Qxh7+ Kf8 24. Rf7+ 1-0

[Event "London Classic - FIDE Open"]
[Site "Olympia"]
[Date "2009.12.08"]
[Round "1"]
[White "Phillips, William"]
[Black "Rendle, Thomas E"]
[Result "0-1"]
[WhiteElo "1998"]
[BlackElo "2382"]
[PlyCount "80"]
[EventDate "2009.??.??"]

1. d4 f5 2. Nf3 Nf6 3. g3 g6 4. Bg2 Bg7 5. O-O O-O 6. c4 d6 7. Nc3 Nc6 8. d5
Na5 9. Qa4 c5 10. dxc6 Nxc6 11. Rd1 Qb6 12. Nd5 Nxd5 13. cxd5 Qb4 14. Qxb4 Nxb4
15. Bg5 Re8 16. a3 Na6 17. Nd4 Bd7 18. Rab1 Nc5 19. b4 Na4 20. Rbc1 Rac8 21.
Ne6 Nc3 22. Nxg7 Kxg7 23. Rd2 Ba4 24. Be3 Kf7 25. Bf3 Nb5 26. Rb2 Rxc1+ 27.
Bxc1 Rc8 28. Bd2 a6 29. e4 Nxa3 30. exf5 Nc4 31. fxg6+ hxg6 32. Bg4 Rc7 33.
Be6+ Ke8 34. Bc1 Nxb2 35. Bxb2 Rc4 36. h4 Rxb4 37. Bg7 Bd1 38. Kg2 Rb3 39. g4
Bf3+ 40. Kh2 Rd3 0-1

[Event "London Classic - FIDE Open"]
[Site "Olympia"]
[Date "2009.12.08"]
[Round "1"]
[White "Cox, John J"]
[Black "Player, Edmund C"]
[Result "1-0"]
[WhiteElo "2377"]
[BlackElo "2149"]
[PlyCount "75"]
[EventDate "2009.??.??"]

1. c4 e5 2. g3 Nc6 3. Nc3 Nf6 4. Bg2 g6 5. Nf3 Bg7 6. d4 exd4 7. Nxd4 O-O 8.
Nxc6 dxc6 9. O-O Be6 10. Qb3 Qc8 11. Ne4 Nxe4 12. Bxe4 Re8 13. Qc2 Bh3 14. Bg2
Qg4 15. Re1 h5 16. Bf4 Be5 17. Bf3 Qe6 18. Bxe5 Qxe5 19. Rad1 Re7 20. Qd2 Rae8
21. b3 Qf6 22. Qf4 Qxf4 23. gxf4 Bg4 24. Bxg4 hxg4 25. e3 Kg7 26. Rd4 f5 27.
Red1 Kf6 28. Kg2 Ke6 29. Rd8 Rxd8 30. Rxd8 Rd7 31. Rxd7 Kxd7 32. f3 b5 33. fxg4
bxc4 34. bxc4 fxg4 35. e4 Kd6 36. Kg3 Kc5 37. f5 gxf5 38. exf5 1-0

[Event "London Classic - FIDE Open"]
[Site "Olympia"]
[Date "2009.12.08"]
[Round "1"]
[White "Lagerman, Robert"]
[Black "Hayward, Alan"]
[Result "1-0"]
[WhiteElo "2358"]
[BlackElo "1986"]
[PlyCount "63"]
[EventDate "2009.??.??"]

1. e4 c5 2. Nf3 d6 3. d4 cxd4 4. Nxd4 Nf6 5. Nc3 g6 6. Be3 Bg7 7. f3 O-O 8. Bc4
Nc6 9. Qd2 Nxd4 10. Bxd4 Be6 11. Bxe6 fxe6 12. O-O-O Qa5 13. Kb1 Rac8 14. Rhe1
Nd7 15. Bxg7 Kxg7 16. f4 Rc4 17. f5 exf5 18. exf5 Ne5 19. fxg6 hxg6 20. Re3 Rh4
21. h3 Rhf4 22. Rde1 R8f7 23. b3 Qb4 24. Re4 Rxe4 25. Rxe4 Qc5 26. Na4 Qc6 27.
Re2 Rf1+ 28. Kb2 b5 29. Nc3 b4 30. Nd5 e6 31. Ne3 Rf7 32. Qxb4 {scoresheets
illegible, 45 moves} 1-0

[Event "London Classic - FIDE Open"]
[Site "Olympia"]
[Date "2009.12.08"]
[Round "1"]
[White "Piper, Matthew S"]
[Black "Doran, Chris"]
[Result "1/2-1/2"]
[WhiteElo "2304"]
[BlackElo "1963"]
[PlyCount "68"]
[EventDate "2009.??.??"]

1. e4 c5 2. Nc3 Nc6 3. g3 g6 4. Bg2 Bg7 5. d3 d6 6. Bg5 Nf6 7. h3 O-O 8. Qd2
Nd4 9. Nce2 Qb6 10. c3 Nxe2 11. Nxe2 Bd7 12. O-O Bc6 13. Be3 Qa6 14. Qc2 b5 15.
d4 Rac8 16. d5 Ba8 17. b3 e6 18. Rad1 exd5 19. exd5 c4 20. b4 Rfe8 21. Bd4 Nd7
22. Bxg7 Kxg7 23. Rfe1 Ne5 24. Nf4 Re7 25. Re3 Rce8 26. Rde1 Qb6 27. h4 Bb7 28.
Qd2 Bc8 29. Qd4 Kf8 30. Ne2 Qxd4 31. Nxd4 a6 32. Kf1 Nd3 33. Rxe7 Rxe7 34. Rxe7
Kxe7 1/2-1/2

[Event "London Classic - FIDE Open"]
[Site "Olympia"]
[Date "2009.12.08"]
[Round "1"]
[White "Boger, Raymond"]
[Black "Rudd, Jack"]
[Result "0-1"]
[WhiteElo "1959"]
[BlackElo "2296"]
[PlyCount "108"]
[EventDate "2009.??.??"]

1. c4 e5 2. g3 Nc6 3. Bg2 f5 4. Nc3 Nf6 5. d3 Bc5 6. e3 O-O 7. Nge2 Qe8 8. Nd5
Nxd5 9. cxd5 Ne7 10. d4 Bd6 11. Qb3 e4 12. Bd2 Qf7 13. Nc3 c6 14. dxc6 Qxb3 15.
axb3 dxc6 16. f3 exf3 17. Bxf3 Be6 18. Bd1 a6 19. O-O Rad8 20. Na4 Nd5 21. Rc1
Rfe8 22. Nc5 Bc8 23. Re1 Nf6 24. Bf3 Re7 25. Kf2 Rde8 26. Nd3 Ne4+ 27. Bxe4
fxe4 28. Nf4 g5 29. Ne2 Rf7+ 30. Kg1 Bg4 31. Nc3 Bf3 32. Rf1 Re6 33. d5 Rh6 34.
Be1 Be5 35. dxc6 bxc6 36. Rc2 Rd6 37. Rcf2 Rb7 38. b4 g4 39. Na4 Rb5 40. Rd2
Rbd5 41. Rff2 Rd3 42. Nc5 Rxe3 43. Kf1 Rxe1+ 44. Kxe1 e3 45. Rxd6 exf2+ 46.
Kxf2 Bxd6 47. Nxa6 Kf7 48. Ke3 Ke6 49. Kd4 h5 50. Nc5+ Bxc5+ 51. bxc5 Kf5 52.
b4 Be2 53. Ke3 Ba6 54. Kd4 Bb5 0-1

[Event "London Classic - FIDE Open"]
[Site "Olympia"]
[Date "2009.12.08"]
[Round "1"]
[White "Storey, Charles H"]
[Black "Millward, Kevin P"]
[Result "1-0"]
[WhiteElo "2292"]
[BlackElo "1942"]
[PlyCount "91"]
[EventDate "2009.??.??"]

1. e4 e6 2. f4 d5 3. e5 c5 4. Nf3 Nc6 5. a3 Rb8 6. c4 dxc4 7. Bxc4 b5 8. Be2
Nge7 9. Nc3 a6 10. Ng5 Qd4 11. d3 Nf5 12. Bh5 g6 13. Bf3 Bb7 14. Be4 Be7 15.
Nf3 Qd7 16. O-O Ncd4 17. Ng5 Bxe4 18. dxe4 Bxg5 19. exf5 Be7 20. f6 Bf8 21. Be3
Nf5 22. Qf3 Nxe3 23. Qxe3 Qd4 24. Qxd4 cxd4 25. Ne4 b4 26. axb4 Bxb4 27. Rxa6
O-O 28. Rd1 Rfc8 29. b3 Bc3 30. Ra7 Rxb3 31. Rxf7 Kxf7 32. Nd6+ Kf8 33. Nxc8
Bb4 34. Nd6 d3 35. Ne4 d2 36. Kf2 Rd3 37. Ke2 Rd4 38. Ke3 Rc4 39. Nxd2 Bc5+ 40.
Kf3 Rd4 41. Rc1 Rd3+ 42. Ke2 Re3+ 43. Kd1 Bb4 44. Nf3 Rd3+ 45. Ke2 Rd8 46. Rc6
1-0